[Event "BEL-chT 1819"]
[Site "Belgium"]
[Date "2019.03.17"]
[Round "9.5"]
[White "Lenaerts, Lennert"]
[Black "Fontaine, Quentin"]
[Result "1/2-1/2"]
[WhiteElo "2362"]
[BlackElo "2333"]
[PlyCount "35"]
[EventDate "2018.09.30"]
[EventType "team-tourn"]
[EventRounds "11"]
[EventCountry "BEL"]
[SourceTitle "CBM 189 Extra"]
[Source "ChessBase"]
[SourceDate "2019.06.03"]
[SourceVersion "1"]
[SourceVersionDate "2019.06.03"]
[SourceQuality "1"]
[WhiteTeam "Liege Crelel"]
[BlackTeam "Fontaine"]
[WhiteTeamCountry "BEL"]
[BlackTeamCountry "BEL"]

1. d4 Nf6 2. c4 e6 3. Nc3 Bb4 4. Qc2 0-0 5. a3 Bxc3+ 6. Qxc3 d5 7. Nf3 dxc4 8. Qxc4 b6 9. Bg5 Ba6 10. Qa4 Qd7 11. Qxd7 Nbxd7 12. Bxf6 gxf6 13. e3 Bb7 14. Rc1 c5 15. Bb5 Rfd8 16. Bxd7 Rxd7 17. dxc5 Rc8 18. 0-0 1/2-1/2

[Event "Cappelle rapid op 1st"]
[Site "Cappelle la Grande"]
[Date "2019.02.23"]
[Round "8"]
[White "Fontaine, Quentin"]
[Black "Admiraal, Miguoel"]
[Result "1-0"]
[WhiteElo "2367"]
[BlackElo "2478"]
[PlyCount "85"]
[EventDate "2019.02.23"]
[EventType "swiss (rapid)"]
[EventRounds "9"]
[EventCountry "FRA"]
[SourceTitle "CBM 189 Extra"]
[Source "ChessBase"]
[SourceDate "2019.06.03"]
[SourceVersion "1"]
[SourceVersionDate "2019.06.03"]
[SourceQuality "1"]

1. d4 e6 2. Nf3 c5 3. e4 cxd4 4. Nxd4 Nc6 5. Nc3 Qc7 6. g3 a6 7. Bg2 h5 8. h3 h4 9. g4 Bc5 10. Nxc6 dxc6 11. Na4 Ba7 12. c4 b5 13. Nc3 Ne7 14. 0-0 Ng6 15. e5 Bb7 16. Ne4 0-0 17. Qd6 Qxd6 18. Nxd6 Rab8 19. Re1 Bd4 20. Nxb7 Rxb7 21. Bxc6 Rb6 22. cxb5 axb5 23. Be4 Nxe5 24. Rb1 f5 25. gxf5 exf5 26. Bd5+ Kh7 27. Rd1 Bc5 28. Bf4 Nc4 29. b3 Rg6+ 30. Kf1 Nb6 31. Bf3 Be7 32. Rbc1 Re6 33. Rc7 Rd8 34. Rxd8 Bxd8 35. Rc5 g5 36. Be3 f4 37. Bd4 b4 38. Rb5 Nc8 39. Rb8 Bb6 40. Bg4 Rd6 41. Be5 Rd2 42. Bxc8 Rxf2+ 43. Ke1 1-0

[Event "Cappelle rapid op 1st"]
[Site "Cappelle la Grande"]
[Date "2019.02.23"]
[Round "2"]
[White "Fontaine, Quentin"]
[Black "Enchev, Ivajlo"]
[Result "0-1"]
[WhiteElo "2367"]
[BlackElo "2486"]
[PlyCount "76"]
[EventDate "2019.02.23"]
[EventType "swiss (rapid)"]
[EventRounds "9"]
[EventCountry "FRA"]
[SourceTitle "CBM 189 Extra"]
[Source "ChessBase"]
[SourceDate "2019.06.03"]
[SourceVersion "1"]
[SourceVersionDate "2019.06.03"]
[SourceQuality "1"]

1. d4 Nf6 2. Bg5 e6 3. e4 h6 4. Bxf6 Qxf6 5. c3 d5 6. Nd2 c5 7. Ngf3 Nc6 8. Bb5 cxd4 9. Nxd4 Bd7 10. 0-0 a6 11. exd5 exd5 12. Re1+ Be7 13. Bxc6 bxc6 14. Qe2 c5 15. N4f3 Be6 16. c4 dxc4 17. Ne4 Qf4 18. g3 Qc7 19. Nfd2 0-0 20. Nxc4 a5 21. Rad1 Rfb8 22. Nc3 Rd8 23. Ne3 Qb7 24. Ned5 Bf8 25. Qe4 Qxb2 26. Rb1 Bxd5 27. Nxd5 Qxa2 28. Red1 c4 29. Rb7 Rab8 30. Rc7 Rbc8 31. Rb7 Qa4 32. Qf3 Qe8 33. Qg4 Qe6 34. Qf3 c3 35. Rb6 Qxb6 36. Nxb6 Rxd1+ 37. Qxd1 c2 38. Qc1 Ba3 0-1

[Event "Cappelle rapid op 1st"]
[Site "Cappelle la Grande"]
[Date "2019.02.23"]
[Round "5"]
[White "Shchekachev, Andrei"]
[Black "Fontaine, Quentin"]
[Result "1-0"]
[WhiteElo "2532"]
[BlackElo "2367"]
[PlyCount "145"]
[EventDate "2019.02.23"]
[EventType "swiss (rapid)"]
[EventRounds "9"]
[EventCountry "FRA"]
[SourceTitle "CBM 189 Extra"]
[Source "ChessBase"]
[SourceDate "2019.06.03"]
[SourceVersion "1"]
[SourceVersionDate "2019.06.03"]
[SourceQuality "1"]

1. Nf3 d5 2. d4 Nf6 3. c4 e6 4. Nc3 a6 5. e3 Nbd7 6. b3 b6 7. cxd5 exd5 8. g3 Bd6 9. Bg2 Bb7 10. 0-0 0-0 11. Bb2 Re8 12. Rc1 Qe7 13. Rc2 Ne4 14. Ne2 Rad8 15. Nf4 a5 16. Qa1 a4 17. b4 c6 18. a3 Rc8 19. Rfc1 b5 20. Bh3 Rcd8 21. Bxd7 Rxd7 22. Ne5 Rc7 23. Nfd3 Rec8 24. Nc5 Ba8 25. Ned3 h5 26. Re1 h4 27. Qd1 Qg5 28. Qf3 Re8 29. Qg2 Qh6 30. Bc1 h3 31. Qf1 Qh7 32. f3 Nxc5 33. bxc5 Bf8 34. Rb2 Bb7 35. Nf2 Qf5 36. Nxh3 Bc8 37. Nf4 g5 38. g4 Qf6 39. Nh5 Qg6 40. Ng3 Rce7 41. Rg2 Bg7 42. Bd2 Qc2 43. Bb4 Qb3 44. Nh5 Rxe3 45. Nxg7 Kxg7 46. Rxe3 Rxe3 47. Rf2 Rd3 48. Kg2 Be6 49. h3 Rd1 50. Qe2 Qb1 51. Kg3 Rg1+ 52. Rg2 Rxg2+ 53. Kxg2 Qc1 54. Kg3 Qf4+ 55. Kg2 Qxd4 56. Qd2 Qxd2+ 57. Bxd2 f6 58. Kf2 Kf7 59. Ke3 Ke7 60. Kd4 Bf7 61. f4 gxf4 62. Bxf4 Be6 63. Bd2 Kf7 64. Ke3 Kg6 65. Kf4 Bd7 66. h4 Be6 67. Bc3 Bd7 68. Bd4 Kf7 69. h5 Be6 70. g5 fxg5+ 71. Kxg5 Bh3 72. h6 Kg8 73. Kg6 1-0

[Event "BEL-chT 1819"]
[Site "Belgium"]
[Date "2019.02.10"]
[Round "7.7"]
[White "Roeder, Mathias"]
[Black "Fontaine, Quentin"]
[Result "1/2-1/2"]
[WhiteElo "2389"]
[BlackElo "2333"]
[PlyCount "53"]
[EventDate "2018.09.30"]
[EventType "team-tourn"]
[EventRounds "11"]
[EventCountry "BEL"]
[SourceTitle "CBM 189 Extra"]
[Source "ChessBase"]
[SourceDate "2019.06.03"]
[SourceVersion "1"]
[SourceVersionDate "2019.06.03"]
[SourceQuality "1"]
[WhiteTeam "Wirtzfeld"]
[BlackTeam "Fontaine"]
[WhiteTeamCountry "BEL"]
[BlackTeamCountry "BEL"]

1. Nf3 d5 2. g3 Nf6 3. Bg2 e6 4. 0-0 Be7 5. c4 0-0 6. d4 dxc4 7. Qa4 a6 8. Qxc4 b5 9. Qc2 Bb7 10. Bf4 Nc6 11. Rd1 Nb4 12. Qc1 Nbd5 13. Nbd2 c5 14. dxc5 Nxf4 15. gxf4 Qc7 16. c6 Qxc6 17. Qxc6 Bxc6 18. Ne5 Bxg2 19. Kxg2 Nd5 20. Nd3 Rfc8 21. Rac1 Kf8 22. Kf3 Ke8 23. Ne4 Nb4 24. Nxb4 Bxb4 25. Rxc8+ Rxc8 26. Nd6+ Bxd6 27. Rxd6 1/2-1/2